| 000 | 00699cab a2200253 4500 | ||
|---|---|---|---|
| 001 | ABS53980 | ||
| 008 | 090401t1995 xxu||||| |||| 00| 0 eng d | ||
| 035 | _a(Sirsi) u7748 | ||
| 041 | _aeng | ||
| 245 | _aWayleaves - new rates | ||
| 260 | _c1995 | ||
| 350 | _a0 | ||
| 490 |
_aCountry Landowner _vNovember 1995, 24(1) |
||
| 520 | _aSchedule of rates for electricity wayleave payments to be applied from April 1996. | ||
| 650 | _aEASEMENTS | ||
| 650 | _aELECTRICITY PYLONS | ||
| 650 | _aOVERHEAD POWER LINES | ||
| 650 | _aSCHEDULE OF RATES | ||
| 650 | _aWAYLEAVE PAYMENTS | ||
| 650 | _aWAYLEAVES | ||
| 690 | _aHIGHWAYS RIGHTS OF WAY AND EASEMENTS | ||
| 942 | _n0 | ||
| 948 | _c04/03/1997 | ||
| 999 |
_c4713 _d4713 |
||